000 00690nam a22002291 4500
001 143695
003 SpMaBN
005 20240926200814.0
008 981210s1957 sp spa
016 7 _abimoBNE20000198569
_zIND9800832770
_2SpMaBN
035 _a(OCoLC)434268381
040 _aSpMaBN
_bspa
_cCDM
080 _a82-311.2"19"
100 _aSeton, Anya
_d1904-1990
_0XX1120055
_9227279
245 1 0 _aEspejismo /
_cAnya Seton
260 _aBarcelona
_bLuis de Caralt
_c[1957]
_fLiminograph
300 _a348 p. ;
_c21 cm
490 0 _aColección Gigante
650 0 _9227278
_aLiteratura norteamericana
_yS. XX
830 _9181935
_aColección gigante
942 _2udc
_cMONOGRAFIA
999 _c143695
_d143695